An analysis of basic coordination in an idiolect of Limon creole

Պահպանված է:
Մատենագիտական մանրամասներ
Հիմնական հեղինակ: Wolfsen Peterson, Doreen
Ձևաչափ: Գիրք
Լեզու:Undetermined
Հրապարակվել է: San José, Costa Rica Escuela de Filología, Lingüística y Literatura,Universidad de Costa Rica 1984
Խորագրեր:
Ցուցիչներ: Ավելացրեք ցուցիչ
Չկան պիտակներ, Եղեք առաջինը, ով նշում է այս գրառումը!

MARC

LEADER 00000nam a2200000Ia 4500
008 170316s9999 xx 000 0 und d
040 |a cru BVZT 
090 |a TESIS 14 
100 |a Wolfsen Peterson, Doreen 
245 3 |a An analysis of basic coordination in an idiolect of Limon creole 
260 |a San José, Costa Rica 
260 |b Escuela de Filología, Lingüística y Literatura,Universidad de Costa Rica 
260 |c 1984 
300 |a 100 páginas 
650 |a LICENCIATURA EN LINGÜÍSTICA 
650 |a TRABAJO FINAL DE GRADUACIÓN 
999 |c 13745  |d 13745 
942 |c TFG  |h TESIS 14  |2 z